00345nam a2200109Ia 4500008004100000082001800041100001900059245001900078260002700097630001800124650009300142211122s9999||||xx |||||||||||||| ||und|| a813.54bLAH-I aLahiri, Jhumpa 0aIn Other Words bPenguin BooksaHaryana xGeneral Stack aMalayalamvLITERATURE &RHETORICAMERICAN LITERATURE IN ENGLISHAMERICAN FICTION IN ENGLISH